000 00838nam a2200265 i 4500
001 bg
100 1 _aBandurski, Wojciech
_d(1946- ).
245 1 0 _aMetody analizy i symulacji połączeń w szybkich układach cyfrowych /
_cWojciech Bandurski.
260 _aPoznań :
_bWydawnictwo Politechniki Poznańskiej,
_c2006.
300 _a132 s. :
_bil. ;
_c24 cm.
504 _aBibliogr. przy rozdz.
650 9 _aUkłady cyfrowe
_xmodele matematyczne
650 9 _aUkłady scalone
_xmodele matematyczne
650 9 _aSymulacja
_xstosowanie
_xelektronika
015 _aPB 13986/2007
020 _a8371432917
035 _azz2007900702
040 _cBPK
041 0 _apol
044 _apol
080 _a621.3.037.37:621.3.049.77:519.86:004.94
920 _a83-7143-291-7
942 _cKS
008 070115s2006 pl a g |000 0 pol c
999 _c54041
_d54041
856 _uhttp://koha.tu.koszalin.pl/cgi-bin/koha/opac-detail.pl?biblionumber=54041
_yKatalog online BPK